000 00789cam a2200265 a 4500
001 000012122
003 DO-SdBNP
005 20260430140024.0
008 850613s1978 ve b 001 0 spa
040 _aDO-SdBNP
_cDLC
_dDLC
043 _acl-----
049 _aBNGR
082 _a379.098
_bP949e, 1978
100 1 _aPrieto F., Luis B.,
_d1902-1993
_q(Luis Beltrán Prieto Figueroa),
_983787
245 1 3 _aEl Estado y la educación en América Latina /
_cLuis B. Prieto F.
250 _a2a ed.
260 _aCaracas :
_bMonte Ávila Editores,
_c1978.
300 _a303 p. ;
_c18 cm.
490 1 _aEstudios
504 _aBibliography: p. 299-303.
650 0 _aPolítica educativa
_928664
830 0 _aEstudios ;
_93854
910 _aCatalogación derivada
942 _2ddc
_cLBS1
999 _c11787
_d11787